<?xml version="1.0" encoding="UTF-8"?>
<record
    xmlns:xsi="http://www.w3.org/2001/XMLSchema-instance"
    xsi:schemaLocation="http://www.loc.gov/MARC21/slim http://www.loc.gov/standards/marcxml/schema/MARC21slim.xsd"
    xmlns="http://www.loc.gov/MARC21/slim">

  <leader>00551c   a2200217   4500</leader>
  <controlfield tag="001">28603</controlfield>
  <controlfield tag="005">20220405165317.0</controlfield>
  <datafield tag="090" ind1=" " ind2=" ">
    <subfield code="a">28603</subfield>
  </datafield>
  <datafield tag="095" ind1=" " ind2=" ">
    <subfield code="a">PTBN00029533</subfield>
  </datafield>
  <datafield tag="100" ind1=" " ind2=" ">
    <subfield code="a">20071015d1982    ma y0pory5003    ba</subfield>
  </datafield>
  <datafield tag="101" ind1="0" ind2=" ">
    <subfield code="a">por</subfield>
  </datafield>
  <datafield tag="102" ind1=" " ind2=" ">
    <subfield code="a">PT</subfield>
  </datafield>
  <datafield tag="930" ind1=" " ind2=" ">
    <subfield code="l">BECRE</subfield>
  </datafield>
  <datafield tag="675" ind1=" " ind2=" ">
    <subfield code="a">342</subfield>
    <subfield code="v">med</subfield>
    <subfield code="z">por</subfield>
  </datafield>
  <datafield tag="700" ind1=" " ind2="1">
    <subfield code="a">Roberto,</subfield>
    <subfield code="b">J&#xFA;lio,</subfield>
    <subfield code="f">1929-</subfield>
  </datafield>
  <datafield tag="998" ind1=" " ind2=" ">
    <subfield code="a">CR114 - 00394</subfield>
  </datafield>
  <datafield tag="200" ind1="1" ind2=" ">
    <subfield code="a">Tu &#xE9;s um ser humano</subfield>
    <subfield code="e">mensagem aos jovens da Europa</subfield>
    <subfield code="f">J&#xFA;lio Roberto</subfield>
  </datafield>
  <datafield tag="210" ind1=" " ind2=" ">
    <subfield code="a">Lisboa</subfield>
    <subfield code="c">Itau,</subfield>
    <subfield code="d">[D.L. 1982]</subfield>
  </datafield>
  <datafield tag="215" ind1=" " ind2=" ">
    <subfield code="a">64 p.</subfield>
    <subfield code="c">il.</subfield>
    <subfield code="d">21 cm</subfield>
  </datafield>
  <datafield tag="801" ind1=" " ind2="0">
    <subfield code="a">PT</subfield>
    <subfield code="b">BN</subfield>
    <subfield code="g">RPC</subfield>
  </datafield>
  <datafield tag="990" ind1=" " ind2=" ">
    <subfield code="c">LIVROS</subfield>
  </datafield>
  <datafield tag="995" ind1=" " ind2=" ">
    <subfield code="0">0</subfield>
    <subfield code="1">0</subfield>
    <subfield code="9">39615</subfield>
    <subfield code="b">BECEVIA</subfield>
    <subfield code="d">BECEVIA</subfield>
    <subfield code="f">1013BV</subfield>
    <subfield code="k">087.5 ROB</subfield>
    <subfield code="o">0</subfield>
    <subfield code="r">LIVROS</subfield>
    <subfield code="a">BECEVIA</subfield>
    <subfield code="c">BECEVIA</subfield>
    <subfield code="q">18</subfield>
  </datafield>
  <datafield tag="995" ind1=" " ind2=" ">
    <subfield code="0">0</subfield>
    <subfield code="1">0</subfield>
    <subfield code="9">39616</subfield>
    <subfield code="b">BECEVIA</subfield>
    <subfield code="d">BECEVIA</subfield>
    <subfield code="f">1014BV</subfield>
    <subfield code="k">087.5 ROB</subfield>
    <subfield code="o">0</subfield>
    <subfield code="r">LIVROS</subfield>
    <subfield code="a">BECEVIA</subfield>
    <subfield code="c">BECEVIA</subfield>
    <subfield code="q">18</subfield>
  </datafield>
  <datafield tag="995" ind1=" " ind2=" ">
    <subfield code="0">0</subfield>
    <subfield code="1">0</subfield>
    <subfield code="9">39617</subfield>
    <subfield code="b">BEAGU</subfield>
    <subfield code="d">BEAGU</subfield>
    <subfield code="f">333BA</subfield>
    <subfield code="k">087.5 ROB</subfield>
    <subfield code="o">0</subfield>
    <subfield code="r">LIVROS</subfield>
    <subfield code="a">BEAGU</subfield>
    <subfield code="c">BEAGU</subfield>
    <subfield code="q">18</subfield>
  </datafield>
  <datafield tag="995" ind1=" " ind2=" ">
    <subfield code="0">0</subfield>
    <subfield code="1">0</subfield>
    <subfield code="9">39618</subfield>
    <subfield code="b">BEAGU</subfield>
    <subfield code="d">BEAGU</subfield>
    <subfield code="f">334BA</subfield>
    <subfield code="k">087.5 ROB</subfield>
    <subfield code="o">0</subfield>
    <subfield code="r">LIVROS</subfield>
    <subfield code="a">BEAGU</subfield>
    <subfield code="c">BEAGU</subfield>
    <subfield code="q">18</subfield>
  </datafield>
</record>
